The tracker back to reality (Record no. 82525)

MARC details
000 -LEADER
fixed length control field 00945cab a22001935a 4500
001 - CONTROL NUMBER
control field L150482
008 - FIXED-LENGTH DATA ELEMENTS--GENERAL INFORMATION
fixed length control field 100719e20100716xxk 000 0 eng d
035 ## - SYSTEM CONTROL NUMBER
System control number (Sirsi) u150482
041 0# - LANGUAGE CODE
Language code of text/sound track or separate title eng
110 2# - MAIN ENTRY--CORPORATE NAME
Corporate name or jurisdiction name as entry element Experian Business Strategies
9 (RLIN) 4789
245 04 - TITLE STATEMENT
Title The tracker back to reality
Remainder of title hopes that increased activity at the start of the year would continue into the summer were dashed as the activity index fell to a six-month low, says Experian Business Strategies
260 ## - PUBLICATION, DISTRIBUTION, ETC.
Date of publication, distribution, etc. 2010
490 ## - SERIES STATEMENT
Series statement Building
Volume/sequential designation 275 (8638) 16 July, 50-51(2)
520 ## - SUMMARY, ETC.
Summary, etc. This extract from Experian's monthly Focus survey of construction activity gives an overview of the state of play, leading construction activity indicator 2009-2010 and residential, non-residential and civil engineering, labour costs, and a regional perspective for the UK.
590 ## - LOCAL NOTE (RLIN)
Local note KA
651 #4 - SUBJECT ADDED ENTRY--GEOGRAPHIC NAME
Geographic name United Kingdom
Chronological subdivision
690 ## - LOCAL SUBJECT ADDED ENTRY--TOPICAL TERM (OCLC, RLIN)
Topical term or geographic name as entry element BUILT ENVIRONMENT-CONSTRUCTION MARKET
942 ## - ADDED ENTRY ELEMENTS (KOHA)
Suppress in OPAC 0
Holdings
Withdrawn status Lost status Source of classification or shelving scheme Damaged status Not for loan Home library Current library Shelving location Date acquired Total Checkouts Full call number Barcode Date last seen Copy number Price effective from Koha item type
    Dewey Decimal Classification     London London Books 19/07/2010   L150482 150482-1001 06/08/2019 1 06/08/2019 Book